| 000 | 00630nam a22002417a 4500 | ||
|---|---|---|---|
| 005 | 20171212184345.0 | ||
| 008 | 171212b xxu||||| |||| 00| 0 spa d | ||
| 020 | _a8478731857 | ||
| 041 | _aspa | ||
| 082 | _a651.75 R829b | ||
| 100 |
_a Roset, Edward. _944954 |
||
| 245 | _aBilingual business letters = Cartas comerciales bilingües | ||
| 250 | _a2 edición | ||
| 260 | _aEstados Unidos | ||
| 260 | _b Stanley | ||
| 260 | _c1994 | ||
| 300 | _a189 páginas | ||
| 650 |
_aCORRESPONDENCIA _92563 |
||
| 650 |
_aCARTAS COMERCIALES _917316 |
||
| 650 |
_aFORMATOS DE CARTAS _917317 |
||
| 650 |
_aCARTAS _92564 |
||
| 942 | _cBK | ||
| 999 |
_c10109 _d10109 |
||